000 04423nkm0a2200601 4500
001 RU\NLR\BIBL_A\022619994
005 20260204000000.0
035 _a(NLR Aleph) 022619994
071 5 0 _d10 коп.
090 _a89031
_c89031
100 _a20250911d1944 u y0rusy50 ca
101 0 _arus
102 _aRU
116 _adiycxx bk ae
135 _acrcn 024anaba
181 0 _ab4
_bxb2e
182 0 _an
200 1 _aДа здравствует XXVII годовщина Великого Октября!
_eвоинское
_e[почтовая карточка]
203 _aИзображение
_bнеподвижное
_bдвухмерное
_bвизуальное
_cнепосредственное
210 _a[Москва?
_cб. и.
_d1944]
215 _a1 л.
_cцв. цинкогр.
_d10,1х14,6
300 _aНа почтовой карточке также текст: "Смерть немецким захватчикам!", сведения о заказчике - Управлении военно-полевой почты: "По заказу УВПП"
300 _aХудожник - И. Кин установлен по открытке под тем же загл., выпущенной издательством "Советский график" Всекохудожника по заказу УВПП
300 _aЦенз. разрешение: Г-14.9.44
309 _aОдносторонняя почтовая карточка
325 _aКопия доступна в Электрон. б-ке РНБ
327 0 _aСоветские знамена, в центре лавровые ветви, ленты и пятиконечная звезда с серпом и молотом в центре
532 1 1 _aДа здравствует двадцать седьмая годовщина Великого Октября!
606 1 _aПочтовые открытки маркированные художественные
_yСССР
_z1941 - 1945
_2nlr_sh2
_3RU\NLR\AUTH\661531868
606 1 _aВеликая Октябрьская социалистическая революция
_z1917
_xГодовщины
_z1944
_jОткрытки
_2nlr_sh2
_3RU\NLR\AUTH\6601684088
610 1 _aПоздравительные открытки
610 1 _aОткрытки к 7 Ноября
610 1 _aОдносторонние почтовые карточки
686 1 _aЩ153(2)7-489
700 1 _aКин
_bИ.
_4040
712 0 1 _aСССР
_bГлавное управление связи Красной Армии
_bУправление военно-полевой почты
_3RU\NLR\AUTH\880618205
_4570
830 _aКин И.: см. БЗ 022372734. АЯ ОЭФ
830 _aКин И.: http://painters.artunion.ru/2-11-2.htm (05.11.2024) - нет. Возможно, одно лицо с художником: Янис Кинс (1909-1969): https://www.antonia.lv/ru/aukcion/61/lot-210-janis-kins-1909-1969; Кинс Янис Юрьевич: https://www.rgali.ru/person/609915; Кин (Кинс) Янис Юрьевич / 21.01.1969 /: http://painters.artunion.ru/2-11-2.htm (05.11.2024). Кин Ян Юрьевич: Выставки советского изобразительного искусства. Москва : Советский художник, 1978. Т. 3. С. 458. ЭК РНБ: Кин, Ян Юрьевич. АЯ ОЭФ
830 _a"Jānis Kīns Roles: artist, graphic artist, illustrator 03.07.1909 – 21.01.1969": https://www.literatura.lv/en/persons/janis-kins (05.11.2024). АЯ ОЭФ
830 _aЛетопись изоизданий: техника печати - цинкография штрих. АЯ ОЭФ
852 0 0 _aNLR
_bЭ
_jО-ПК-3/1944-К
_mЭот100956
856 0 _uhttps://vivaldi.nlr.ru/lo500003963/view
856 1 _uhttps://vivaldi.nlr.ru/lo500003963/cover
856 2 _uhttps://vivaldi.nlr.ru/lo500003963/text
901 _eИзографические материалы
942 _cVISUAL
945 _aРоссийская национальная библиотека
980 _aNB
980 _aBV
981 1 7 _a(17) Изографические материалы
_b(17) Открытки